000 00520nam a2200181Ia 4500
005 20250603145843.0
008 250603s9999 xx 000 0 und d
020 _a9780123749802
050 _aQR 9 .S3/
100 _aEdited by Schaechter, Moselio.
245 4 _aThe desk encyclopedia of microbiology
250 _a2nd ed.
260 _aAmsterdam ; Boston : Elsevier/Academic Press
260 _bElsevier/Academic Press
260 _c2009
650 _aAmsterdam ; Boston : Elsevier/Academic Press
942 _cBK
999 _c43052
_d43052